[Event "IECC O-3172"]
[Site "IECC email"]
[Date "2010.06.22"]
[Round "?"]
[White "Basson, Adelle"]
[Black "Batten, James"]
[Result "1/2-1/2"]
[WhiteElo "1000"]
[BlackElo "1098"]
[PlyCount "39"]
[EventDate "2010.??.??"]
[EventType "swiss (corr)"]
[EventRounds "2"]
[SourceTitle "Telechess CBM 149"]
[Source "ChessBase"]
[SourceDate "2012.07.17"]
[SourceVersion "1"]
[SourceVersionDate "2012.07.17"]
[SourceQuality "1"]
[WhiteTeam "South Africa"]
[BlackTeam "England"]
[WhiteTeamCountry "RSA"]
[BlackTeamCountry "ENG"]

1. d4 d5 2. c4 dxc4 3. e4 e5 4. Nf3 exd4 5. Qxd4 Qxd4 6. Nxd4 Bc5 7. Nb5 Na6 8. Bxc4 c6 9. N5a3 b5 10. Bb3 Nf6 11. 0-0 Nxe4 12. Be3 Bf5 13. Re1 0-0 14. Bc2 Rfe8 15. Nc3 Bxe3 16. fxe3 b4 17. Nxe4 Bxe4 18. Bxe4 Rxe4 19. Nc2 c5 20. Rad1 1/2-1/2

[Event "IECC O-3137"]
[Site "IECC email"]
[Date "2010.05.10"]
[Round "?"]
[White "Storey, Ryan"]
[Black "Batten, James"]
[Result "0-1"]
[WhiteElo "986"]
[BlackElo "1086"]
[PlyCount "58"]
[EventDate "2010.??.??"]
[EventType "swiss (corr)"]
[EventRounds "2"]
[SourceTitle "Telechess CBM 149"]
[Source "ChessBase"]
[SourceDate "2012.07.17"]
[SourceVersion "1"]
[SourceVersionDate "2012.07.17"]
[SourceQuality "1"]
[WhiteTeam "England"]
[BlackTeam "England"]
[WhiteTeamCountry "ENG"]
[BlackTeamCountry "ENG"]

1. e3 e5 2. d4 exd4 3. Qxd4 Nf6 4. Bd3 Nc6 5. Qf4 b6 6. Nc3 Bd6 7. Qg5 0-0 8. Nf3 h6 9. Qh4 Bb4 10. e4 Nxe4 11. Qxe4 Re8 12. Ne5 Rxe5 13. 0-0 Rxe4 14. Bxe4 Bxc3 15. bxc3 Qf6 16. Re1 Qxc3 17. Re3 Qxa1 18. g3 Qxc1+ 19. Kg2 Ba6 20. Bd3 Bxd3 21. cxd3 d5 22. g4 d4 23. Rg3 Ne5 24. h4 Qd2 25. g5 Nxd3 26. gxh6 Qxf2+ 27. Kh3 Nf4+ 28. Kg4 f5+ 29. Kxf5 Qxg3 0-1